000
00327nam a22001457a 4500
008
230512b ||||| |||| 00| 0 eng d
020
_a
5912879
041
_a
eng
080
_2
REVISED EDITION
_a
781
082
_a
781REE
100
_a
21
101
_a
MUZIK
245
_a
MUSIC IN TEH RENAISSANCE
_c
REESE.G
942
_2
udc
_c
BK
999
_c
59697
_d
59697